000 00499nam a2200205Ia 4500
003 OSt
005 20140319100402.0
008 140130s9999 xx 000 0 und d
020 _a0439234085
050 _aLB 1573.3
_b.R694 2000
100 _aCox, Phil Roxbee
245 _aFat cat on a mat /
_cPhil Roxbee Cox.
260 _bScholastic,
_c2000.
_aNew York :
300 _a16 p. :
_bcol. ill. ;
_c20 cm.
440 _v1
521 _aBR
526 _cBR
942 _cBK
_2lcc
999 _c41487
_d41487